Sports Quiz

Random Sports or MLB Quiz

MLB Hitting Streaks Quiz Stats

 Plays Quiz Updated Feb 15, 2019

     
Support Sporcle.
Go Orange.
Score 0/36 Timer 07:00
0 Plays Today
Games Player % Correct
56Joe DiMaggio
93.7%
34Dom DiMaggio
89%
44Pete Rose
70.1%
40Ty Cobb
55.4%
35Ty Cobb
55.4%
38Jimmy Rollins
47.3%
39Paul Molitor
25.1%
35Chase Utley
24.4%
35Luis Castillo
24.3%
33Rogers Hornsby
18.1%
45Willie Keeler
17.3%
31Whit Merrifield
14.8%
33Dan Uggla
14.3%
31Nap Lajoie
13.5%
41George Sisler
12.8%
35George Sisler
12.8%
34Benito Santiago
9.5%
32Harry Heilmann
8.5%
Games Player % Correct
31Vladimir Guerrero
8.3%
33George Davis
6.2%
31Willie Davis
6.2%
31Sam Rice
5.7%
31Ed Delahanty
5.6%
31Vada Pinson
3.8%
32Hal Morris
3.8%
31Ron LeFlore
3.7%
37Tommy Holmes
2.6%
36Gene DeMontreville
2.4%
33Hal Chase
2.4%
31Jimmy Wolf
2.3%
31Ken Landreaux
2.3%
31Rico Carty
2.2%
35Fred Clarke
2.1%
33Heinie Manush
1.9%
42Bill Dahlen
1.9%
34George McQuinn
1.1%

From the Vault

Voldemort's Death Eaters

by teddylupin_snape

Maybe it was the name that turned them evil? Death Eaters really has a negative connotation.
Remove Ads.
Support Sporcle.
Get the best of Sporcle when you Go Orange. This ad-free experience offers more features, more stats, and more fun while also helping to support Sporcle. Thank you for becoming a member.

Show Comments

Extras

Top Quizzes Today


Score Distribution

Your Account Isn't Verified!

In order to create a playlist on Sporcle, you need to verify the email address you used during registration. Go to your Sporcle Settings to finish the process.

Report this User

Report this user for behavior that violates our Community Guidelines.

Details: